000
00238 a2200097 4500
001
41028
100
_a
Simons Harry
245
_a
Intermediate Accounting Comprehensive
260
_a
Karachi
_b
Pakistan Publishers
_c
090
_c
25262
_d
25262
942
_a
NUST-CAE
_c
M
_c
16961
999
_c
276101
_d
276101